LEADER 01012nam a2200241 4500 001 000000332975 003 CaOOAMICUS 005 20190827082253.0 008 190321s1716 fr 000 u fre r 026 $aeses sen- LAe, facr (3) 1716 (R) 040 $aSeMil$bita 245 00$a2. 264 1$c1716. 300 $a[2], 551, [7] p. ;$c12° 500 $aMarca (monogramma dell'editore) sui front. stampati in rosso e nero 500 $aSegn.: ?˛(-?2) A-Zą˛ 2A?(-2A4) 700 11$aLe Gros, Nicolas,$d<1675-1751>.$0(OLS)http://semarc/name/31666 773 0 $aLe Gros, Nicolas <1675-1751>$tDu renversement des libertez de l'Eglise gallicane dans l'affaire de la constitution Unigenitus, ... Premiere [-seconde partie].$d1716.$w()332972 850 $aSeMil 852 $aSeMil$W1$xVenegono$y1$m3X I 88 FA$j211734$B225186$CSeMilBibl$Z2$F225186 $8I 996 $6245$a2$9(OLS)http://semarc/title/46889 996 $6264$a[S.l.] :$b[s.n.]$9(OLS)http://semarc/publisher/0 LEADER 00904nam a2200217 i 4500 001 000000194044 003 CaOOAMICUS 005 20101103000000.0 008 101103s1977 it u000 u ita u 013 $a172690 040 $aSeMil$bita 100 1 $aAgostinetti, Nino.$0(OLS)http://semarc/name/19894 245 12$aL'onorevole Adamo Zanetti :$bprete contadino (1859-1946) /$cNino Agostinetti. 260 $aUdine :$bLa nuova base,$c1977. 300 $a215 p. :$bill. ;$c24 cm. 500 $aContiene : Appendici ; Fonti e Bibliografia. 650 4$aZanetti, Adamo <1859-1946>.$0(OLS)http://semarc/subject/36445 850 $aSeMil 852 $aSeMil$W1$xVenegono$y1$m3J IV 192$j144618$B144618$CSeMilBibl$Z2$F155949 $81 996 $6245$aL'onorevole Adamo Zanetti :$bprete contadino (1859-1946)$9(OLS)http://semarc/title/279745 996 $6260$aUdine :$bLa nuova base$9(OLS)http://semarc/publisher/35239